Najpopularniejsze quizy w jetpunk - Statystyki

Ogólne statystyki
  • Ten quiz został rozwiązany 21 razy
  • Średni wynik to 2 z 10
Statystyki odpowiedzi
Hint Odpowiedź % Poprawnych
1 Państwa swiata
100%
2 12 miesięcy w 15 sekund
27%
5 Flagi europy
13%
3 Państwa Europy
13%
8 Największe miasta w Polsce
7%
4 Policz jak najwięcej w 15 sekund
7%
7 Stany USA
7%
6 Stolice Europy
7%
10 Mapa świata bez 20 losowych państw
0%
9 Szybkie pisanie od A do Z
0%
Nie znaleziono quizów pasujących do podanych kryteriów
Rozkład punktacji
Procent ludzi z każdym wynikiem
Percentyl według liczby udzielonych odpowiedzi
Twoja historia wyników
Nie rozwiązałeś tego quizu